000 00470nam a2200193Ia 4500
008 220531s9999 xx 000 0 und d
041 _aeng
082 _bSAU
100 _aSaudager, A. H.
_969469
245 _aModern Marketing Management
250 _a1ST
260 _aLatur
_bAditya
_c2014
300 _a131
542 _d16-01-2015
551 _aCommerce
_bNon-grant--C
650 _aMarketing
_969470
906 _d2014-2015
_f4291
999 _c38966
_d38966